[Event "Wch Blitz"]
[Site "Warsaw"]
[Date "2021.12.30"]
[Round "15"]
[White "Murzin, Volodar"]
[Black "Harikrishna, Pentala"]
[Result "1-0"]
[WhiteElo "2519"]
[BlackElo "2717"]
[PlyCount "99"]
[EventDate "2021.12.29"]
[EventType "swiss (blitz)"]
[EventRounds "21"]
[EventCountry "POL"]
[SourceTitle "CBM 205 Extra"]
[Source "ChessBase"]
[SourceDate "2022.01.31"]
[SourceVersion "1"]
[SourceVersionDate "2022.01.31"]
[SourceQuality "1"]

1. e4 e6 2. d3 c5 3. Nf3 Nc6 4. Nbd2 g6 5. g3 Bg7 6. Bg2 Nge7 7. O-O O-O 8. c3 d5 9. Re1 Qc7 10. Qc2 ({RR} 10. h4 h6 11. Qe2 b6 12. e5 f6 13. exf6 Rxf6 14. Nf1 Rf7 15. Ne3 e5 16. h5 g5 17. Nxg5 hxg5 18. Nxd5 Nxd5 19. Bxd5 Bb7 20. Bxg5 Nd8 21. Bxb7 Qxb7 22. h6 Bh8 23. f4 Ne6 24. Qg4 Nxg5 {Rojas Keim,L (2444)-Ibarra Jerez,J (2514) La Roda 2009 0-1 (38)}) 10... b5 ({RR} 10... b6 11. h4 h6 12. Nf1 Ba6 13. h5 g5 14. N1h2 Rad8 15. Ng4 dxe4 16. dxe4 Bd3 17. Qa4 b5 18. Qb3 Bc4 19. Qc2 Bd3 20. Qb3 Na5 21. Qa3 Nc4 22. Qb3 f6 23. a4 a6 24. axb5 axb5 25. Ne3 {Stevik,P (2244)-Suyarov,M (2477) chess.com INT 2024 1-0 (58)}) 11. Nf1 b4 $146 ({RR} 11... Bb7 12. exd5 Nxd5 13. Ne3 Nce7 14. Bd2 Rac8 15. a3 Rfd8 16. Nxd5 Bxd5 17. c4 bxc4 18. dxc4 Bxf3 19. Bxf3 Nf5 20. Bc3 Bxc3 21. bxc3 Rd6 22. Red1 Rcd8 23. Rab1 Rxd1+ 24. Rxd1 Rxd1+ 25. Qxd1 h5 26. Qa4 {Markhot,Z (1974)-Janoshalmi,A (2220) Hungary 2006 0-1 (38)}) 12. Bf4 Qa5 13. e5 bxc3 14. bxc3 Rb8 15. Ne3 d4 16. cxd4 Nxd4 17. Nxd4 cxd4 18. Nc4 Qc3 19. Qa4 Bb7 20. Rac1 Qxd3 21. Rcd1 Qc3 22. Bd2 Qd3 23. Ba5 Qf5 24. Nd6 Qh5 25. Nxb7 Bxe5 26. Bb4 Rfe8 27. Nd6 Red8 28. Nb7 Re8 29. Bd6 Bxd6 30. Nxd6 Red8 31. Qxa7 Kf8 32. Qxd4 Rd7 33. Qf4 g5 34. Qf3 g4 35. Qe2 Rbd8 36. Ne4 Nd5 37. Rxd5 Qxd5 38. Nf6 Qf5 39. Nxd7+ Rxd7 40. Be4 Qa5 41. Bxh7 Rd2 42. Qxg4 Rxa2 43. Rf1 f5 44. Qg8+ Ke7 45. Qg7+ Kd6 46. Bg8 Qd5 47. Qf8+ Kd7 48. Bf7 Ra8 49. Qb4 Qd6 50. Qb7+ 1-0

[Event "Wch Blitz"]
[Site "Warsaw"]
[Date "2021.12.30"]
[Round "15"]
[White "Sanal, Vahap"]
[Black "Howell, David"]
[Result "1-0"]
[WhiteElo "2601"]
[BlackElo "2646"]
[PlyCount "79"]
[EventDate "2021.12.29"]
[EventType "swiss (blitz)"]
[EventRounds "21"]
[EventCountry "POL"]
[SourceTitle "CBM 205 Extra"]
[Source "ChessBase"]
[SourceDate "2022.01.31"]
[SourceVersion "1"]
[SourceVersionDate "2022.01.31"]
[SourceQuality "1"]

1. Nf3 d5 2. b3 Bg4 3. Bb2 Bxf3 4. exf3 Nf6 5. g3 g6 6. Bg2 Bg7 7. O-O O-O 8. c4 c6 9. d3 a5 10. f4 Ne8 11. Qc2 e6 12. Nd2 Bxb2 13. Qxb2 Qf6 14. d4 Nd6 15. Nf3 Nd7 16. Ne5 Rfd8 17. Rfd1 Nf5 18. Rac1 Qe7 19. a3 $146 ({RR} 19. Nf3 a4 20. bxa4 Ra7 21. c5 Rda8 22. Bh3 Ng7 23. Rc3 Qd8 24. a3 Qc8 25. Rb1 Ne8 26. Ne5 Nc7 27. Nxd7 Qxd7 28. Rb3 Rb8 29. Qd2 Qd8 30. Bf1 Qf6 31. a5 Qd8 32. R1b2 Qc8 33. Rb6 Rba8 {Anton Guijarro,D (2613)-Howell,D (2666) Riga 2021 ½-½ (162)}) 19... a4 20. cxd5 cxd5 21. Rc7 Qd6 22. Rxb7 axb3 23. Rxb3 Rdb8 24. Rdd3 Kg7 25. h4 h5 26. Bh3 Ne7 27. Kg2 Nc6 28. Kh2 Na5 29. Rxb8 Rxb8 30. Qe2 Nc4 31. Nxc4 dxc4 32. Rc3 Nb6 33. Qe4 Rd8 34. a4 Nxa4 35. Rxc4 Nb6 36. Rc6 Qb8 37. Bxe6 Re8 38. d5 Nd7 39. Qd4+ Nf6 40. Bxf7 1-0

[Event "Wch Blitz"]
[Site "Warsaw"]
[Date "2021.12.30"]
[Round "16"]
[White "Anton Guijarro, David"]
[Black "Sadhwani, Raunak"]
[Result "1-0"]
[WhiteElo "2693"]
[BlackElo "2616"]
[PlyCount "81"]
[EventDate "2021.12.29"]
[EventType "swiss (blitz)"]
[EventRounds "21"]
[EventCountry "POL"]
[SourceTitle "CBM 205 Extra"]
[Source "ChessBase"]
[SourceDate "2022.01.31"]
[SourceVersion "1"]
[SourceVersionDate "2022.01.31"]
[SourceQuality "1"]

1. Nf3 d5 2. c4 d4 3. b4 g5 4. h3 h6 5. d3 Bg7 6. g3 e5 7. Nbd2 ({RR} 7. Bg2 Ne7 8. g4 Be6 9. a4 Nd7 10. Ba3 Ng6 11. Nbd2 Nf4 12. Bf1 h5 13. Rg1 hxg4 14. hxg4 a5 15. b5 c5 16. bxc6 bxc6 17. Ne4 Bf8 18. Nfxg5 Bxa3 19. Rxa3 Qe7 20. Rb3 Nc5 21. Nxc5 Qxc5 {Shapiro,D (2702)-Szpar,M (2923) Chess.com 2024 0-1 (39)}) 7... Ne7 8. Bg2 f5 $146 ({RR} 8... O-O 9. O-O Ng6 10. a4 f5 11. c5 h5 12. Nc4 g4 13. hxg4 hxg4 14. Nfd2 Be6 15. Qb3 Nd7 16. Ba3 Rf7 17. b5 Bh6 18. Qc2 Rh7 19. Na5 Qg5 20. Rfd1 Qh5 21. Nxb7 Nf6 22. Nd6 Bxd2 23. Rxd2 {Schoorl,R (2351)-Sahakyan,A (2288) chess.com INT 2024 0-1}) ({RR} 8... O-O 9. O-O f5 10. Nb3 Ng6 11. e3 dxe3 12. Bxe3 Nc6 13. b5 Nce7 14. Re1 f4 15. Bc5 g4 16. hxg4 Bxg4 17. Re4 Rf7 18. Bxe7 Qxe7 19. Nbd2 Qd7 20. Qb3 Rd8 21. d4 exd4 22. Rae1 d3 23. c5 {Anton Guijarro,D (2668)-Ibarra Jerez,J (2559) chess.com INT 2025 1-0 (41)}) ({RR} 8... O-O 9. Nb3 c6 10. O-O Ng6 11. e3 dxe3 12. Bxe3 Na6 13. Qd2 e4 14. dxe4 Qxd2 15. Bxd2 Bxa1 16. Rxa1 Be6 17. Na5 Rad8 18. a3 Rd7 19. Be3 Rfd8 20. Kh2 c5 21. bxc5 Rc8 22. c6 bxc6 23. Nd4 {Anton Guijarro,D (2703)-Urkedal,F (2558) Chess.com INT 2020 ½-½ (81)}) 9. O-O Ng6 10. Nb3 f4 11. e3 dxe3 12. fxe3 e4 13. Nfd4 f3 14. Bxf3 exf3 15. Qxf3 Ne5 16. Qh5+ Ke7 17. b5 Qe8 18. Qe2 Qg6 19. e4 Bxh3 20. Nf5+ Kd8 21. Bb2 Bxf1 22. Rxf1 Nbd7 23. d4 Nf7 24. e5 Re8 25. Nxg7 Qxg7 26. e6 Nd6 27. c5 Nxb5 28. d5 Nc3 29. Qd3 Qg8 30. Bxc3 Nf8 31. Rf7 Kc8 32. c6 Qg6 33. cxb7+ Kxb7 34. Qb5+ Kc8 35. Qa6+ Kb8 36. Na5 Qb1+ 37. Kg2 Qc2+ 38. Rf2 Qe4+ 39. Kh2 c6 40. Be5+ Qxe5 41. Qb7# 1-0

[Event "Wch Blitz"]
[Site "Warsaw"]
[Date "2021.12.30"]
[Round "16"]
[White "Petrosian, Tigran L"]
[Black "Korobov, Anton"]
[Result "1-0"]
[WhiteElo "2573"]
[BlackElo "2699"]
[PlyCount "127"]
[EventDate "2021.12.29"]
[EventType "swiss (blitz)"]
[EventRounds "21"]
[EventCountry "POL"]
[SourceTitle "CBM 205 Extra"]
[Source "ChessBase"]
[SourceDate "2022.01.31"]
[SourceVersion "1"]
[SourceVersionDate "2022.01.31"]
[SourceQuality "1"]

1. Nf3 Nf6 2. g3 b5 3. Bg2 Bb7 4. d3 e6 5. e4 Be7 6. e5 Nd5 7. c4 bxc4 8. dxc4 Nb6 9. Qc2 $146 ({RR} 9. Nbd2 d6 10. c5 dxc5 11. O-O c4 12. Qe2 Qd3 13. Qd1 Bd5 14. Re1 O-O 15. Bf1 Qg6 16. Qe2 Nc6 17. b3 cxb3 18. axb3 Rfd8 19. Nc4 Bxf3 20. Qxf3 Nd4 21. Qc6 Nc2 22. Nxb6 cxb6 23. Be3 Nxe1 {Belenkaya,D (2277)-Hjartarson,J (2470) Chess.com INT 2022 0-1 (38)}) 9... c5 10. O-O Nc6 11. Rd1 O-O 12. Bf4 Qc8 13. Nc3 Nb4 14. Qe2 Ba6 15. b3 N6d5 16. Nxd5 Nxd5 17. Bg5 h6 18. Rxd5 Bxg5 19. Rd3 Be7 20. Rad1 Rd8 21. Nd2 Rb8 22. Ne4 Bb7 23. Nd6 Bxd6 24. Rxd6 Bxg2 25. Kxg2 Rb6 26. R6d3 Qc7 27. f4 a5 28. Qd2 a4 29. Rxd7 Qc6+ 30. Kh3 Rxd7 31. Qxd7 Qxd7 32. Rxd7 axb3 33. axb3 Rxb3 34. Rc7 Rc3 35. Rxc5 Rc2 36. Rc7 g6 37. c5 h5 38. c6 Kg7 39. Rc8 Kh7 40. c7 Kg7 41. g4 Rc3+ 42. Kh4 hxg4 43. Kxg4 Kh7 44. h4 Kg7 45. h5 gxh5+ 46. Kxh5 Rh3+ 47. Kg4 Rc3 48. Kh4 Kh7 49. Kh5 Kg7 50. Kg4 Kh7 51. f5 Kg7 52. f6+ Kh7 53. Kf4 Rc1 54. Ke3 Rc6 55. Kd3 Rc5 56. Kd4 Rc1 57. Re8 Rxc7 58. Re7 Rc1 59. Rxf7+ Kg6 60. Rg7+ Kh6 61. Rg3 Rd1+ 62. Kc5 Rd5+ 63. Kc6 Rxe5 64. Rf3 1-0

[Event "Wch Blitz"]
[Site "Warsaw"]
[Date "2021.12.30"]
[Round "17"]
[White "Duda, Jan Krzysztof"]
[Black "Kravtsiv, Martyn"]
[Result "1-0"]
[WhiteElo "2760"]
[BlackElo "2604"]
[PlyCount "117"]
[EventDate "2021.12.29"]
[EventType "swiss (blitz)"]
[EventRounds "21"]
[EventCountry "POL"]
[SourceTitle "CBM 205 Extra"]
[Source "ChessBase"]
[SourceDate "2022.01.31"]
[SourceVersion "1"]
[SourceVersionDate "2022.01.31"]
[SourceQuality "1"]

1. Nf3 d5 2. c4 d4 3. b4 c5 4. Bb2 Nf6 5. Na3 $146 ({RR} 5. g3 Nc6 6. b5 Nb8 7. e3 dxe3 8. fxe3 Nbd7 9. Bg2 g6 10. O-O Bg7 11. d3 O-O 12. Qe2 Rb8 13. Nbd2 b6 14. a4 Bb7 15. a5 Qc7 16. a6 Ba8 17. Ng5 Bxg2 18. Qxg2 Rbd8 19. Rad1 Ne5 {Mekhitarian,K (2537)-Materia,M (2436) chess.com INT 2023 1-0 (54)}) ({RR} 5. g3 Nbd7 6. bxc5 e5 7. Bg2 Bxc5 8. O-O O-O 9. e3 dxe3 10. fxe3 Re8 11. Qc2 h6 12. Nc3 Bd6 13. Nh4 a6 14. Rad1 Bf8 15. Nd5 Nxd5 16. Bxd5 Nf6 17. Rxf6 gxf6 18. Qg6+ Bg7 19. Bxf7+ Kh8 {Duda,J (2732)-Maghsoodloo,P (2742) Samarkand UZB 2023 1-0}) ({RR} 5. g3 cxb4 6. Bxd4 Bg4 7. Bb2 Bxf3 8. exf3 e6 9. Bg2 Be7 10. O-O O-O 11. d4 Nc6 12. Qd3 a5 13. a4 e5 14. d5 Bc5 15. Rd1 Nd4 16. f4 Ng4 17. fxe5 Nc6 18. dxc6 Nxf2 19. Qxd8 Raxd8 {Seemann,J (2491)-Pogorelskikh,S (2313) Eforie Nord ROU 2025 1-0 (32)}) 5... e6 6. Nc2 b6 7. g3 Bb7 8. Bg2 Be7 9. Rb1 Nbd7 10. O-O Rb8 11. a3 O-O 12. e3 dxe3 13. fxe3 Rc8 14. Qe2 Qc7 15. d3 Rfd8 16. Ba1 Nf8 17. bxc5 Qxc5 18. Rb5 Qc7 19. Be5 Qd7 20. Bd4 Ng6 21. Ne5 Nxe5 22. Rxe5 Bxg2 23. Qxg2 h6 24. g4 Nh7 25. Rh5 Bf8 26. Ne1 g6 27. Rh3 Ng5 28. Rg3 Bc5 29. Bf6 Re8 30. h4 Nh7 31. Be5 Bd6 32. Nf3 Rc7 33. g5 h5 34. Qh2 Rd8 35. Rg2 Rb7 36. Rgf2 Bxa3 37. Bd4 Bd6 38. Ne5 Qe8 39. Qg2 Bxe5 40. Qxb7 Rxd4 41. exd4 Bxd4 42. Kg2 Bxf2 43. Rxf2 e5 44. Qd5 Nf8 45. Rf6 Ne6 46. Qxe5 Qd7 47. Qd5 Qe7 48. Rf2 a5 49. d4 Qc7 50. Qf3 Nxd4 51. Qd5 Ne6 52. Kf1 a4 53. Qa8+ Kg7 54. Qxa4 Qg3 55. Qd7 Qh3+ 56. Ke1 Qh1+ 57. Kd2 Nf4 58. Qd4+ Kh7 59. Qxf4 1-0

[Event "Wch Blitz"]
[Site "Warsaw"]
[Date "2021.12.30"]
[Round "17"]
[White "Efimenko, Zahar"]
[Black "Dziuba, Marcin"]
[Result "1-0"]
[WhiteElo "2597"]
[BlackElo "2568"]
[PlyCount "86"]
[EventDate "2021.12.29"]
[EventType "swiss (blitz)"]
[EventRounds "21"]
[EventCountry "POL"]
[SourceTitle "CBM 205 Extra"]
[Source "ChessBase"]
[SourceDate "2022.01.31"]
[SourceVersion "1"]
[SourceVersionDate "2022.01.31"]
[SourceQuality "1"]

1. Nf3 Nf6 2. g3 g6 3. b3 Bg7 4. Bb2 c5 5. c4 O-O 6. Bg2 Nc6 7. O-O d5 8. cxd5 Nxd5 9. Bxg7 Kxg7 10. d4 Qb6 11. e4 Nf6 12. d5 Nd4 13. Nxd4 cxd4 14. Nd2 $146 ({RR} 14. e5 Nd7 15. Re1 f6 16. exf6+ Qxf6 17. f4 Nc5 18. Nd2 Bf5 19. Nf3 d3 20. Ne5 Qb6 21. Kh1 Rad8 22. Qd2 e6 23. b4 Na4 24. g4 exd5 25. gxf5 Rxf5 26. Nxd3 Qd4 27. Rad1 Nc3 28. Nc5 Qxd2 {Kobo,O (2449)-Aldokhin,I (2413) Chess.com INT 2020 1-0 (38)}) 14... Bg4 15. f3 d3+ 16. Kh1 Bd7 17. Nc4 Qd4 18. Qd2 Rfc8 19. Rac1 Bb5 20. Qc3 Qxc3 21. Rxc3 Nd7 22. Rfc1 Bxc4 23. bxc4 Rc5 24. Rxd3 Rac8 25. Rdc3 b5 26. Bf1 Nb6 27. Kg2 bxc4 28. Kf2 Ra5 29. R1c2 e5 30. dxe6 fxe6 31. f4 g5 32. Bh3 Rc6 33. Bf1 Kf6 34. Rf3 Ke7 35. Rfc3 h6 36. Ke3 Rac5 37. Ra3 Rc7 38. Rac3 gxf4+ 39. gxf4 e5 40. fxe5 Rxe5 41. Kd4 Rec5 42. Bxc4 R5c6 43. Bd5 Rxc3 1-0

[Event "Wch Blitz"]
[Site "Warsaw"]
[Date "2021.12.30"]
[Round "17"]
[White "Oparin, Grigoriy"]
[Black "Gukesh, Dommaraju"]
[Result "1-0"]
[WhiteElo "2681"]
[BlackElo "2614"]
[PlyCount "125"]
[EventDate "2021.12.29"]
[EventType "swiss (blitz)"]
[EventRounds "21"]
[EventCountry "POL"]
[SourceTitle "CBM 205 Extra"]
[Source "ChessBase"]
[SourceDate "2022.01.31"]
[SourceVersion "1"]
[SourceVersionDate "2022.01.31"]
[SourceQuality "1"]

1. Nf3 d5 2. g3 g6 3. Bg2 Bg7 4. O-O e5 5. d3 Ne7 6. c4 dxc4 7. dxc4 O-O ({RR} 7... Qxd1 8. Rxd1 e4 9. Nd4 f5 10. Nc3 c6 11. f3 exf3 12. exf3 Kf7 13. Be3 Nd7 14. Rd2 Nf6 15. Bf1 Re8 16. Kf2 h6 17. Rad1 g5 18. Nb3 f4 19. gxf4 Nf5 20. Bc5 gxf4 21. Rd8 Ne3 22. Bxe3 {Ding,L (2799)-Aronian,L (2782) chess24.com INT 2021 0-1 (39)}) ({RR} 7... Qxd1 8. Rxd1 O-O 9. Nc3 c6 10. e4 Be6 11. b3 Na6 12. Be3 f6 13. Bf1 Rfd8 14. c5 Nb4 15. Rxd8+ Rxd8 16. Rc1 Rd7 17. Ne1 f5 18. a3 Na6 19. b4 Nc7 20. Nf3 h6 21. Nd2 g5 22. exf5 {Tahbaz,A (2438)-Moksh,A (2373) chess.com INT 2025 ½-½ (51)}) 8. Nc3 Nbc6 9. e4 Bg4 $146 ({RR} 9... Nd4 10. h3 Be6 11. b3 Nxf3+ 12. Qxf3 Nc6 13. Rd1 Nd4 14. Qd3 Qc8 15. Kh2 c6 16. Ne2 Rd8 17. Bb2 Qc7 18. Nxd4 exd4 19. f4 c5 20. Rf1 Rab8 21. f5 Bd7 22. Bc1 Re8 23. Bf4 Be5 24. Rf2 {Nakamura,H (2768)-Hansen,E (2609) chess.com INT 2023 ½-½ (143)}) 10. h3 Bxf3 11. Bxf3 Nd4 12. Bg2 c6 13. Be3 Qb6 14. Na4 Qc7 15. Bxd4 exd4 16. Nc5 Rad8 17. Nd3 Nc8 18. Qd2 Nd6 19. b3 Rfe8 20. Rae1 b5 21. c5 Nb7 22. f4 Bf8 23. Rc1 a5 24. e5 f5 25. exf6 Re3 26. Rf3 Rde8 27. Ne5 R8xe5 28. fxe5 Qxe5 29. f7+ Kg7 30. Rxe3 dxe3 31. Qc3 Qxc3 32. Rxc3 Bxc5 33. Kf1 Kxf7 34. Bxc6 Bb4 35. Rxe3 Nd6 36. Bd5+ Kf6 37. Bc6 Bc5 38. Rd3 b4 39. Kg2 Nf5 40. g4 Nd4 41. Bd5 g5 42. Rd1 Ke5 43. Bc4 h6 44. Rf1 Ke4 45. Rf6 Nc2 46. Bg8 Ne3+ 47. Kh1 Bd4 48. Rxh6 Kf4 49. Rd6 Be5 50. Ra6 Kg3 51. Rxa5 Bf4 52. Kg1 Kxh3 53. Kf2 Nxg4+ 54. Kf3 Nh2+ 55. Ke4 Bc1 56. Be6+ Kh4 57. a4 bxa3 58. b4 Bd2 59. Ra4 g4 60. Kd3 g3 61. Bd5 a2 62. Kxd2 Nf1+ 63. Ke2 1-0

[Event "Wch Blitz"]
[Site "Warsaw"]
[Date "2021.12.30"]
[Round "17"]
[White "Shoker, Samy"]
[Black "Lima, Darcy Gustavo Macha"]
[Result "1-0"]
[WhiteElo "2504"]
[BlackElo "2507"]
[PlyCount "89"]
[EventDate "2021.12.29"]
[EventType "swiss (blitz)"]
[EventRounds "21"]
[EventCountry "POL"]
[SourceTitle "CBM 205 Extra"]
[Source "ChessBase"]
[SourceDate "2022.01.31"]
[SourceVersion "1"]
[SourceVersionDate "2022.01.31"]
[SourceQuality "1"]

1. Nf3 g6 2. g3 Bg7 3. Bg2 e5 4. d3 d5 5. O-O Ne7 6. c4 Nbc6 7. Nbd2 O-O 8. Rb1 a5 9. b3 h6 10. Bb2 d4 11. a3 $146 ({RR} 11. Ba3 Nb4 12. Bxb4 axb4 13. Rb2 Bd7 14. Ne1 Bc6 15. Ne4 f5 16. Nc5 Bxg2 17. Nxg2 Qd6 18. Na4 e4 19. Qd2 e3 20. Qe1 exf2+ 21. Rxf2 Nc6 22. Qd2 Rae8 23. Qf4 Ne5 24. Rc2 g5 25. Qd2 c5 {Dos Santos,S-Braga,C (2370) Curitiba 1987 0-1 (32)}) 11... Bd7 12. Ba1 Rb8 13. e3 Nf5 14. exd4 exd4 15. Ne4 Re8 16. Re1 b6 17. b4 axb4 18. axb4 b5 19. Qc2 Ne5 20. Nxe5 Bxe5 21. Nc5 bxc4 22. Nxd7 Qxd7 23. Qxc4 Re7 24. b5 Nd6 25. Qc6 Qd8 26. Bd5 Rb6 27. Qc5 Bg7 28. Rxe7 Qxe7 29. Bc6 Qe5 30. Qxe5 Bxe5 31. Rb4 Rb8 32. Bxd4 Bxd4 33. Rxd4 Kf8 34. Rb4 Ke7 35. Kg2 Nf5 36. d4 Rd8 37. d5 Rb8 38. h4 h5 39. Kf3 Kd6 40. Rb1 Ne7 41. Rd1 Rd8 42. Ke4 f6 43. f3 Kc5 44. g4 hxg4 45. fxg4 1-0

[Event "Wch Blitz"]
[Site "Warsaw"]
[Date "2021.12.30"]
[Round "20"]
[White "Anton Guijarro, David"]
[Black "Ivic, Velimir"]
[Result "1-0"]
[WhiteElo "2693"]
[BlackElo "2606"]
[PlyCount "28"]
[EventDate "2021.12.29"]
[EventType "swiss (blitz)"]
[EventRounds "21"]
[EventCountry "POL"]
[SourceTitle "CBM 205 Extra"]
[Source "ChessBase"]
[SourceDate "2022.01.31"]
[SourceVersion "1"]
[SourceVersionDate "2022.01.31"]
[SourceQuality "1"]

1. Nf3 d5 2. c4 d4 3. b4 g5 4. h3 Bg7 5. Nxg5 ({RR} 5. d3 h6 6. g3 e5 7. Bg2 Ne7 8. g4 Be6 9. a4 Nd7 10. Ba3 Ng6 11. Nbd2 Nf4 12. Bf1 h5 13. Rg1 hxg4 14. hxg4 a5 15. b5 c5 16. bxc6 bxc6 17. Ne4 Bf8 18. Nfxg5 Bxa3 19. Rxa3 Qe7 {Shapiro,D (2702)-Szpar,M (2923) Chess.com 2024 0-1 (39)}) 5... e5 6. Ne4 ({RR} 6. d3 h6 7. Ne4 f5 8. Nc5 b6 9. Qa4+ Kf8 10. Nb3 Bd7 11. b5 Nf6 12. g3 Qe7 13. Ba3 c5 14. bxc6 Bxc6 15. Bxe7+ Kxe7 16. Qa3+ {1-0 (16) Anton Guijarro,D (2663)-Jaskolka,T (2198) chess.com INT 2025}) 6... f5 7. Nc5 Nf6 $146 ({RR} 7... b6 8. Nb3 Nf6 9. d3 O-O 10. e3 a5 11. bxa5 bxa5 12. a4 Bb7 13. exd4 exd4 14. Be2 Bxg2 15. Rg1 Bxh3 16. Bh6 Ng4 17. Bxg7 Kxg7 18. Qd2 Qh4 19. Qf4 Nc6 20. Nxd4 Nb4 21. Kd2 Kh8 22. f3 {Anton Guijarro,D (2669)-Rogov,M (2191) chess.com INT 2024 1-0 (49)}) 8. d3 O-O 9. g3 b6 10. Bg2 bxc5 11. Bxa8 c6 12. b5 Qd6 13. Na3 f4 14. gxf4 e4 1-0

[Event "Wch Blitz"]
[Site "Warsaw"]
[Date "2021.12.30"]
[Round "20"]
[White "Carlsen, Magnus"]
[Black "Nepomniachtchi, Ian"]
[Result "1-0"]
[WhiteElo "2856"]
[BlackElo "2782"]
[PlyCount "85"]
[EventDate "2021.12.29"]
[EventType "swiss (blitz)"]
[EventRounds "21"]
[EventCountry "POL"]
[SourceTitle "CBM 205 Extra"]
[Source "ChessBase"]
[SourceDate "2022.01.31"]
[SourceVersion "1"]
[SourceVersionDate "2022.01.31"]
[SourceQuality "1"]

1. Nf3 d5 2. g3 Nf6 3. Bg2 e6 4. O-O Be7 5. d3 Nc6 6. d4 ({RR} 6. Nbd2 e5 7. e4 d4 8. Nc4 Nd7 9. a4 O-O 10. b3 Re8 11. h4 Bb4 12. Bg5 f6 13. Bd2 Rb8 14. h5 a6 15. a5 Nf8 16. Nh4 b5 17. axb6 cxb6 18. Bxb4 Nxb4 19. Qd2 Nc6 20. Nf5 g6 {Caruana,F (2820)-Deac,B (2627) Bucharest 2021 ½-½ (74)}) ({RR} 6. Nbd2 e5 7. e4 O-O 8. Re1 Re8 9. exd5 Nxd5 10. Nxe5 Nxe5 11. Rxe5 Be6 12. Nc4 Bf6 13. Re1 c5 14. Bd2 b5 15. Ne3 Bxb2 16. Nxd5 Bxa1 17. Qxa1 Bxd5 18. Rxe8+ Qxe8 19. Bxd5 Rd8 20. Bf3 c4 {Pranav,V (2628)-Ruperez Benito,A (2326) chess.com INT 2025 1-0 (32)}) 6... O-O 7. Nbd2 $146 ({RR} 7. c4 Re8 8. Nbd2 Bf8 9. b3 e5 10. dxe5 Nxe5 11. Nxe5 Rxe5 12. Bb2 Re8 13. Bxf6 Qxf6 14. cxd5 Bg4 15. f3 Bd7 16. Rc1 Qd4+ 17. Kh1 Qxd5 18. f4 Qb5 19. a4 Qxe2 20. Rxc7 Bc6 21. Bxc6 bxc6 {Souza Neves,A (2118)-Souza Jr,H (1775) Florianopolis 2018 1-0 (45)}) 7... b6 8. b3 Bb7 9. Bb2 Na5 10. Ne5 c5 11. dxc5 Bxc5 12. c4 Rc8 13. Rc1 Qe7 14. cxd5 Bxd5 15. Nd3 Bxg2 16. Kxg2 Bd6 17. Nf3 Nc6 18. Rc4 b5 19. Rc2 Nb4 20. Nxb4 Bxb4 21. Qd3 a6 22. Rfc1 Rxc2 23. Qxc2 Ba3 24. Bxf6 Qxf6 25. Rd1 h6 26. Qc6 e5 27. Qxf6 gxf6 28. Rd7 Rc8 29. Ra7 Rc2 30. Rxa6 b4 31. e3 Rxa2 32. Rxf6 Bc1 33. Nxe5 Bxe3 34. Rxf7 Bd4 35. Rf5 Rb2 36. Nc6 Bc3 37. Rf3 Kg7 38. g4 Re2 39. Rf4 Rb2 40. Nxb4 Rxb3 41. Nd5 Be5 42. Re4 Bd6 43. Ne3 1-0

[Event "Wch Blitz"]
[Site "Warsaw"]
[Date "2021.12.30"]
[Round "21"]
[White "Amin, Bassem"]
[Black "Najer, Evgeniy"]
[Result "1-0"]
[WhiteElo "2680"]
[BlackElo "2661"]
[PlyCount "71"]
[EventDate "2021.12.29"]
[EventType "swiss (blitz)"]
[EventRounds "21"]
[EventCountry "POL"]
[SourceTitle "CBM 205 Extra"]
[Source "ChessBase"]
[SourceDate "2022.01.31"]
[SourceVersion "1"]
[SourceVersionDate "2022.01.31"]
[SourceQuality "1"]

1. Nf3 d5 2. g3 g6 3. Bg2 Bg7 4. O-O e5 5. d3 Ne7 6. c4 c6 7. e4 O-O ({RR} 7... dxe4 8. dxe4 Qxd1 9. Rxd1 Be6 10. b3 f6 11. Nc3 Na6 12. Be3 h5 13. Ne1 h4 14. Nd3 hxg3 15. hxg3 Kf7 16. f4 exf4 17. gxf4 Rhd8 18. Kf2 Rd7 19. Nc5 Nxc5 20. Bxc5 b6 21. Rxd7 Bxd7 22. Be3 {Ding,L (2799)-Aronian,L (2782) chess24.com INT 2021 ½-½ (53)}) ({RR} 7... dxe4 8. dxe4 Qxd1 9. Rxd1 Bg4 10. h3 Bxf3 11. Bxf3 Nd7 12. Be3 h5 13. g4 hxg4 14. hxg4 Nf8 15. Kg2 Ne6 16. g5 Nd4 17. Na3 O-O-O 18. Bg4+ Kc7 19. c5 Rh4 20. Kg3 Rdh8 21. Bxd4 exd4 22. Nc2 {Amin,B (2680)-Erdos,V (2615) Warsaw 2021 1-0 (41)}) 8. b4 h6 ({RR} 8... dxe4 9. dxe4 Qxd1 10. Rxd1 Be6 11. Na3 Na6 12. Ng5 Bg4 13. f3 Bc8 14. b5 Nc5 15. Be3 Na4 16. Rac1 h6 17. Nh3 Be6 18. Nf2 Rfc8 19. Nd3 f6 20. Nc5 Nxc5 21. Bxc5 Bf8 22. f4 Bg4 23. Rf1 {Borne,F (2225)-Kjartansson,G (2450) Reykjavik ISL 2025 1-0 (61)}) 9. Bb2 $146 ({RR} 9. Nbd2 Be6 10. a4 Nd7 11. Ba3 dxe4 12. dxe4 Re8 13. c5 a5 14. Qc2 axb4 15. Bxb4 b6 16. cxb6 Qxb6 17. Bxe7 Rxe7 18. Rfc1 Ra5 19. Bf1 Nc5 20. Bc4 Qa7 21. Bxe6 Rxe6 22. Ra2 Re8 23. Rca1 Ra6 {Jones,G (2640)-Ledger,A (2334) Hull ENG 2024 1-0 (74)}) 9... d4 10. a4 c5 11. b5 a5 12. Ra2 b6 13. Bc1 Ra7 14. Ne1 g5 15. f4 exf4 16. gxf4 gxf4 17. Bxf4 Ng6 18. Bxb8 Rb7 19. Bg3 Re7 20. Raf2 Be5 21. Qh5 Kg7 22. Nd2 Bxg3 23. hxg3 Re5 24. Rf5 Bxf5 25. exf5 Rfe8 26. Ne4 Qd7 27. Bh3 Qc7 28. f6+ Kh7 29. Bf5 Rxe4 30. Bxe4 Qxg3+ 31. Ng2 Rg8 32. Rf3 Qd6 33. Rh3 Qf8 34. Kh1 Rh8 35. Nh4 Rg8 36. Nf5 1-0

[Event "Wch Blitz"]
[Site "Warsaw"]
[Date "2021.12.30"]
[Round "21"]
[White "Mikhalevski, Victor"]
[Black "Dziuba, Marcin"]
[Result "1-0"]
[WhiteElo "2562"]
[BlackElo "2568"]
[PlyCount "75"]
[EventDate "2021.12.29"]
[EventType "swiss (blitz)"]
[EventRounds "21"]
[EventCountry "POL"]
[SourceTitle "CBM 205 Extra"]
[Source "ChessBase"]
[SourceDate "2022.01.31"]
[SourceVersion "1"]
[SourceVersionDate "2022.01.31"]
[SourceQuality "1"]

1. Nf3 Nf6 2. g3 g6 3. b3 Bg7 4. Bb2 O-O 5. Bg2 c5 6. c4 Nc6 7. O-O d5 8. cxd5 Nxd5 9. Bxg7 Kxg7 10. d4 cxd4 11. Nxd4 Ndb4 12. Nxc6 Nxc6 13. Bxc6 bxc6 14. Qxd8 Rxd8 15. Nc3 Ba6 16. Rfd1 Rd6 17. Kf1 $146 ({RR} 17. Rxd6 exd6 18. Rd1 Rd8 19. Rd4 Rd7 20. g4 f5 21. g5 Kf7 22. Ra4 Bc8 23. e3 Ke6 24. Ne2 c5 25. Nf4+ Ke5 26. f3 d5 27. Kf2 Rc7 28. Ke2 Kd6 29. Kd2 a6 30. h4 Ra7 31. b4 Bb7 {Galego,L (2435)-Macedo,M (2304) Natal 2009 1-0 (37)}) 17... Rad8 18. Ke1 h5 19. h4 c5 20. Rac1 c4 21. b4 e5 22. Rxd6 Rxd6 23. Ne4 Rb6 24. a3 Bb5 25. Nc5 a5 26. a4 axb4 27. axb5 Rxb5 28. Ne4 c3 29. Nd6 Rd5 30. Ne8+ Kf8 31. Nf6 Rd2 32. Ne4 Rb2 33. Nc5 Ke7 34. Nd3 Ra2 35. Nxb4 Ra3 36. Nd5+ Kd6 37. Nxc3 f5 38. Nb5+ 1-0